000 00868nam a22002537a 4500
001 BR7101206
003 BR-BrBNA
005 20230928083737.0
007 ta
008 230509b bl.||||| |||| 00| 0 por d
040 _aBR-BrBNA
_bpor
_cBiblioteca Nacional de Agricultura
041 _a(Por)
072 _aH10
_b4020
_b/G514
090 _ 4020 BR7101206
110 1 _aAssociacao de Credito e Assistencia Rural de Santa Catarina, Florianopolis (Brasil)
245 1 _aProjeto controle a sauva; avaliacao do ano de 1971 [Santa Catarina, Brasil]
260 3 _aFlorianopolis, SC (Brasil):
_c1971.
300 _avp.
500 _a[ca. 42]p. (*) Documento disponível na(o) Associacao de Credito e Assistencia Rural de Santa Catarina, Florianopolis (Brazil)
650 _aSAUVA
650 _aSANTA CATARINA
909 _a202309
_bLucia
_c55
_dLucia Elande
942 _cBK
999 _c15036
_d15036